000 00550cam a2200181 4500500
005 20260329004037.0
041 _afre
042 _adc
100 1 0 _ade Oliveira, Victorine
_eauthor
245 0 0 _aArchipel des passions
260 _c2018.
500 _a82
690 _aCharlotte Casiraghi
690 _aPassions
690 _aRobert Maggiori
786 0 _nPhilosophie magazine | 118 | 4 | 2018-04-01 | p. 61-61 | 1951-1787
856 4 1 _uhttps://shs.cairn.info/magazine-philosophie-magazine-2018-4-page-61?lang=fr&redirect-ssocas=7080
999 _c1830078
_d1830078